Промышленные помехи и способы их подавления в вентильных электроприводах постоянного тока

Bibliografiske detaljer
Hovedforfatter: Осипов О. И. Олег Иванович
Andre forfattere: Усынин Ю. С. Юрий Семенович
Sprog:russisk
Udgivet: Москва, Энергия, 1979
Fag:
Format: MixedMaterials Bog
KOHA link:https://koha.lib.tpu.ru/cgi-bin/koha/opac-detail.pl?biblionumber=92551

MARC

LEADER 00000nam0a2200000 4500
001 92551
005 20231031104717.0
035 |a (RuTPU)RU\TPU\book\99156 
090 |a 92551 
100 |a 20060315d1979 km y0rusy50 ca 
101 0 |a rus 
102 |a RU 
105 |a a z 001zy 
200 1 |a Промышленные помехи и способы их подавления в вентильных электроприводах постоянного тока  |f О. И. Осипов, Ю. С. Усынин 
210 |a Москва  |c Энергия  |d 1979 
215 |a 80 с.  |c ил. 
320 |a Библиогр.: с. 77-79. 
610 1 |a электроприводы 
610 1 |a электроприводы постоянного тока 
610 1 |a помехи 
610 1 |a помехоустойчивость 
610 1 |a вентильные электроприводы 
675 |a 62-83  |v 3 
700 1 |a Осипов  |b О. И.  |g Олег Иванович 
701 1 |a Усынин  |b Ю. С.  |g Юрий Семенович 
801 1 |a RU  |b 63413507  |c 20060315  |g PSBO 
801 2 |a RU  |b 63413507  |c 20160607  |g PSBO 
942 |c BK